| 000 | 00615nam a2200205 a 4500 | ||
|---|---|---|---|
| 005 | 20210223131051.0 | ||
| 008 | 090810s2005 es r 000 0 spa d | ||
| 020 | _a8493432571 | ||
| 035 | _aUPN01000171797 | ||
| 049 | _aCG | ||
| 050 | 4 |
_aQM16 R3 _bR6.3 |
|
| 100 | 1 |
_aRodrÃguez Serrano, Esteban, _d1978- _932613 |
|
| 245 | 1 | 0 |
_aCajal el travieso / _cEsteban RodrÃguez Serrano. |
| 260 |
_aMadrid : _bEl Rompecabezas, _c[2005]. |
||
| 300 |
_a137 p. : _bil. col. |
||
| 440 | 0 |
_aSabelotod@s ; _v2 |
|
| 600 | 1 | 4 |
_aRAMON Y CAJAL, SANTIAGO, _d1852-1934 _912712 |
| 650 | 4 |
_aMEDICOS - _vBIOGRAFIA _912713 |
|
| 905 | _aLibro | ||
| 999 |
_c143901 _d143901 |
||